| 000 | 00996cam a2200229 4500 | ||
|---|---|---|---|
| 008 | 030923n2003 000 0 eng u | ||
| 022 | _a1851126600 | ||
| 035 | _a(Sirsi) u123692 | ||
| 041 | _aeng | ||
| 050 |
_a711.52 _c18 |
||
| 110 |
_aUnited Kingdom _bOffice of the Deputy Prime Minister |
||
| 245 |
_aSearching for solid foundations _bcommunity involvement and urban policy |
||
| 260 |
_aLondon _bODPM _c2003 |
||
| 350 | _a10 | ||
| 520 | _aThis report reviews guidance and other literature on community involvement in the context of urban renaissance and urban policy. The focus is particularly on programmes within the remit of the ODPM, but also takes some account of the overall government context. View the report at www.dclg.gov.uk. | ||
| 650 | _aURBAN POLICY | ||
| 650 | _aCOMMUNITY INVOLVEMENT | ||
| 650 | _aURBAN RENAISSANCE | ||
| 690 | _aREGENERATION | ||
| 856 |
_uhttps://www.communities.gov.uk/index.asp?id=1128548 _zView the report on the DCLG website... |
||
| 942 | _n0 | ||
| 999 |
_c103097 _d103097 |
||